000 00884namaa2200205 i 4500
001 173977
003 ES-MaACL
005 20230906215416.0
008 100204s1900 sp |||| | spa d
100 1 _aÁlvarez Quintero, Serafín,
_d1871-1938
_9226443
245 1 3 _aLa vida íntima
_b: comedia en dos actos /
_cde Serafín y Joaquín Álvarez Quintero.
250 _a2ª ed.
260 _aMadrid :
_b[s.n.].,
_c1900 (
_fR. Velasco, imp.)
300 _a57 p. ;
_c18 cm.
500 _aEn port.: Estrenada en el teatro Lara el 15 de octubre de 1898.
700 1 _aÁlvarez Quintero, Joaquín,
_d1873-1944
_920922
852 _aES-MaACL
_jF-8637(1)
_zEncuadernación pasta española
_z Encuadernación en un volumen facticio formando parte de la colección facticia "Teatro español moderno", volumen 92
_zDedicatoria autógrafa del autor
942 _2udc
999 _c173977
_d173977